Movies Quiz

Random Movies or Nominee Quiz

Oscar Biopic Subjects Quiz Stats

 Plays Quiz not verified by Sporcle

Challenge
Share
Tweet
Embed
Score 0/106 Timer 12:00
0 Plays Today
Year Subject % Correct
1982*Mohandas Gandhi
84.2%
2006Elizabeth II
80.9%
2012Abraham Lincoln
80.9%
1970*Gen. George S. Patton
80.3%
1998Elizabeth I
80.3%
2010*George VI
80.3%
1998*William Shakespeare
79.2%
1993*Oskar Schindler
76.5%
1984*Antonio Salieri & Wolfgang Amadeus Mozart
76%
1933Henry VIII
73.2%
2017Winston Churchill
72.7%
2004Ray Charles
72.7%
2014Stephen Hawking
72.7%
1946Henry V
70.5%
1968Henry II
69.9%
2001*John Nash
69.9%
1937*Émile Zola
68.3%
2014Dr. Martin Luther King Jr.
68.3%
1962*T.E. Lawrence
67.8%
2008David Frost & Richard Nixon
67.8%
1995*William Wallace
67.2%
1980Jake LaMotta
66.7%
2005Truman Capote
65%
1989Christy Brown
63.9%
1936*Florenz Ziegfeld Jr.
61.7%
2004Howard Hughes
61.7%
2013*Solomon Northup
61.7%
1980Loretta Lynn
60.1%
2014Alan Turing
59.6%
1966*Sir Thomas More
57.9%
1965*Maria von Trapp
57.4%
1944Woodrow Wilson
56.8%
2000Erin Brockovich
56.3%
1934Cleopatra VII
54.6%
1963Cleopatra VII
54.6%
2017Katherine Graham & Ben Bradlee
54.5%
Year Subject % Correct
1995Jim Lovell, Jack Swigert & Fred Haise
54.1%
2010Mark Zuckerberg
53%
1967Bonnie Parker & Clyde Barrow
52.5%
1969Robert Leroy Parker & Harry Longabaugh
52.5%
1989Ron Kovic
51.9%
1956Moses
51.4%
1959Anne Frank
50.8%
1983Mercury Astronauts
50.3%
2003Red Pollard, Charles Howard & Tom Smith
49.2%
1976Carl Bernstein & Bob Woodward
48.6%
1985*Karen Blixen
48.6%
2008Harvey Milk
48.6%
2014Chris Kyle
48.6%
1980Joseph Merrick
48.1%
1991Bugsy Siegel
47.5%
1930Benjamin Disraeli
47%
1936Louis Pasteur
46.4%
2009Michael Oher & Leigh Anne Tuohy
46.4%
2013Ron Woodruff
46.4%
1953Julius Caesar
45.9%
1971Nicholas II & Alexandra Feordorovna
45.9%
2013Philomena Lee
45.9%
1942George M. Cohan
45.4%
1974Lenny Bruce
44.8%
1987*Puyi
44.8%
2013Jordan Belfort
44.8%
2002 Władysław Szpilman
44.4%
2013Captain Richard Phillips
43.7%
1981*Eric Liddell & Harold Abrahams
42.1%
1981John Reed
42.1%
1943Marie Curie
41.5%
1984Dith Pran & Sydney Schanberg
41.5%
1942Lou Gehrig
41%
1969Anne Boleyn
41%
2015Marty Baron, Mark Rezendes & Walter 'Robby' Robinson
40.4%
2004J.M. Barrie
39.9%
Year Subject % Correct
2010Aron Ralston
39.9%
2005Edward R. Murrow
38.8%
1991Jim Garrison
38.3%
1934Elizabeth Barrett & Robert Browning
37.2%
2016Dorothy Vaughan, Mary Jackson and Katherine Johnson
35.7%
2015Mark Baum, Michael Burry, Charlie Geller, Ben Rickert, Jamie Shipley & Jared Vennett
35.1%
1964Thomas Becket
35%
1994Richard Goodwin, Herb Stempel & Charles Van Doren
35%
2011Billy Beane
33.9%
1938Father Edward J. Flanagan
33.3%
1941Alvin York
33.3%
1990Henry Hill
32.8%
1976Woody Guthrie
32.2%
1956Anna Leonowens
31.7%
1999Lowell Bergman & Jeffery Wigand
30.6%
1934Mayer Amschel Rothschild
30.1%
2012*Tony Mendez
29.5%
1996David Helfgott
29%
2006Tadamichi Kuribayashi & Takeichi Nishi
29%
2010Mickey Ward
29%
2015James B. Donovan
28.9%
1929Paul I
28.4%
1934Pancho Villa
27.9%
1943Bernadette Soubirous
26.3%
1982Charles Horman
25.7%
1960Davy Crockett
25.1%
2016Saroo Brierley
25%
1941Edna Gladney
23.5%
1935*William Bligh
20.2%
1993Gerry Conlon
20.2%
1978Billy Hayes
18%
2016Desmond Doss
17.9%
1938Robin of Locksley
15.3%
1941William Spence
9.8%

You're not logged in!

Compare scores with friends on all Sporcle quizzes.
OR
Log In

You Might Also Like...

Show Comments

Extras

Top Quizzes Today


Score Distribution

Your Account Isn't Verified!

In order to create a playlist on Sporcle, you need to verify the email address you used during registration. Go to your Sporcle Settings to finish the process.

Report this User

Report this user for behavior that violates our Community Guidelines.

Details: